Las Constituciones de Cundinamarca, 1811-1870: (Registro nro. 322678)

Detalles MARC
000 -ENCABEZADO
Número de control [NR] 01017nam a22002057a 4500
005 - FECHA Y HORA DE LA ÚLTIMA TRANSACCIÓN
control field 20230529072548.0
008 - DE LONGITUD FIJA DE DATOS DE ELEMENTOS - INFORMACIÓN GENERAL
Elementos de longitud fija [NR] 230529b ||||| |||| 00| 0 eng d
020 ## - NUMERO INTERNACIONAL NORMALIZADO PARA LIBROS [R]
Número Internacional Normalizado del libro [NR] 9789585773035
040 ## - FUENTE DE CATALOGACION [NR]
Agencia de catalogación original [NR] CO-BoUCM
Quien Cataloga David Moreno
Quien Clasifica David Moreno
100 ## - ASIENTO PRINCIPAL--NOMBRE PERSONAL [NR]
Nombre personal [NR] Rubio Rodríguez, J. David
ID Autoridad 177701
245 14 - MENCION DE TITULO [NR]
Título [NR] Las Constituciones de Cundinamarca, 1811-1870:
Parte restante del título [NR] "Cundinamarca bastión de la Independencia Nacional"/
Mención de responsabilidad, etc. [NR] J. David Rubio Rodríguez y Ernesto Campos García
260 ## - PUBLICACION, DISTRIBUCION, ETC. (PIE DE IMPRENTA) [R]
Lugar de publicación, distribución, etc. [R] [Bogotá]
Nombre del editor, distribuidor, etc. [R] Idecut, impresión
Fecha de publicación, distribución, etc. [R] 2019
300 ## - DESCRIPCION FISICA [R]
Extensión [R] 536 Paginas
500 ## - NOTA GENERAL [R]
Nota general [NR] "200 años, 1819-2019, campaña libertadora"--"Del triunfo de las ideas a la Independencia absoluta"--"Publicación conmemorativa - Bicentenario de la Independencia 1819-2019"
650 ## - ASIENTO SECUNDARIO DE MATERIA - TERMINO TEMATICO [R]
Fuente del encabezamiento o término [NR] Constitución
Subdivisión cronológica [R] Siglo XIX
Subdivisión geográfica [R] Cundinamarca
9 (RLIN) 177702
651 ## - ASIENTO SECUNDARIO DE MATERIA - NOMBRE GEOGRAFICO [R]
Nombre geográfico [NR] Cundinamarca
Subdivisión general [R] Historia constitucional
Subdivisión cronológica [R] Siglo XIX
9 (RLIN) 177703
700 ## - ASIENTO SECUNDARIO - NOMBRE PERSONAL [R]
Nombre personal [NR] Campos García, Ernesto
9 (RLIN) 177704
942 ## - ELEMENTOS DE ENTRADA AGREGADOS (KOHA)
Sistema de clasificación DEWEY
Tema principal Ciencia política
Tipo de ítem principal el descrito en 300a Libro
Edición 1
Clasificación 342.86146023
Prefijo de la signatura top. (colección) Literatura - Colombia
Parte restante de la signatura top. R896c
Título oculto en OPAC No
Existencias
Fecha de último préstamo Total préstamos Signatura topográfica Código de barras Última vez visto Ejemplar Price effective from Tipo de ítem Perdido Sistema de clasificación Dañado No prestable Tipo de ítem específico Suprimido Ubicación habitual Ubicación actual Localización Fecha de creación Forma de adquisición
02/05/2025 1 342.86146023 R896c 100171304 05/12/2025 Ej.1 29/05/2023 Libro   DEWEY     Libro   Claustro Claustro 3er piso 29/05/2023 Donación